000 00323nam a22001457a 4500
008 210311b ||||| |||| 00| 0 eng d
020 _a0314028137
041 _aeng
080 _23th
_a311
082 _23
_a311
100 _a54
101 _aSTA
245 _aIntroduction to Statistics
_cAnderson,R.D
942 _2udc
_cBK
999 _c56345
_d56345